[Event "Challenge"]
[Site "http://www.queenalice.com/game.php?id=1034331"]
[Date "2012.2.29"]
[Round "-"]
[White "kleberrocha"]
[Black "chuckvondra"]
[Result "0-1"]
[WhiteElo "1558"]
[BlackElo "2045"]

1. e4 c5 2. Bc4 Nf6 3. Qf3 Nc6 4. c3 d6 5. h3 a6 6. Bd5 Ne5 7. Qe2 e6 8. f4 Ng6
9. e5 Nxf4 10. Qf3 N6xd5 11. c4 Nb4 12. Na3 Nbd3+ 13. Kd1 dxe5 14. Ne2 e4 15.
Qxe4 Nf2+ 16. Ke1 Nxe4 17. Nxf4 Qh4+ 0-1

[Event "OS INCLIVEIS"]
[Site "http://www.queenalice.com/game.php?id=1041690"]
[Date "2012.3.22"]
[Round "-"]
[White "adelio"]
[Black "kleberrocha"]
[Result "1-0"]
[WhiteElo "1761"]
[BlackElo "1542"]

1. d4 e6 2. e4 g5 3. c4 Nc6 4. e5 h5 5. a3 g4 6. Nc3 a6 7. Bd3 Nxd4 8. h4 b5 9.
Ne4 Bb7 10. Bg5 f6 11. exf6 Bd6 12. f7+ Kxf7 13. Bxd8 Rxd8 14. Nxd6+ cxd6 15.
Bg6+ Kxg6 16. Qxd4 Kh7 17. Rh2 Nh6 18. Qxd6 Nf5 19. Qd3 bxc4 20. Qc2 Rc8 21. Ne2
Kg8 22. Nf4 Rh6 23. O-O-O c3 24. bxc3 Rc4 25. g3 Be4 26. Qb3 d5 27. Qb8+ Kh7 28.
Qe5 Ra4 29. Nxe6 Rxa3 30. Ng5+ Kg6 31. Qe8+ Kf6 32. Qe6+ Kg7 33. Qf7+ Kh8 34.
Qf8# 1-0

[Event "Challenge"]
[Site "http://www.queenalice.com/game.php?id=1048353"]
[Date "2012.4.12"]
[Round "-"]
[White "kleberrocha"]
[Black "soudeDeus"]
[Result "0-1"]
[WhiteElo "1549"]
[BlackElo "1376"]

1. g4 e6 2. Bg2 g6 3. e4 Bg7 4. Nf3 b6 5. g5 Bb7 6. Nc3 d5 7. Qe2 dxe4 8. Nxe4
Qd5 9. c4 Qc6 10. h4 f5 11. Nd4 Bxd4 12. Nf6+ Nxf6 13. Bxc6+ Bxc6 14. Qxe6+ Kd8
15. gxf6 Bxh1 16. d3 Re8 17. Qxe8+ Kxe8 18. Bf4 Kf7 19. Kd2 Bf3 20. Bg5 Bxb2 21.
Re1 Nc6 0-1

[Event "Challenge"]
[Site "http://www.queenalice.com/game.php?id=1078985"]
[Date "2012.7.3"]
[Round "-"]
[White "kleberrocha"]
[Black "zmanomega"]
[Result "1-0"]
[WhiteElo "1534"]
[BlackElo "1512"]

1. g4 d5 2. g5 g6 3. h4 e5 4. Bg2 Bf5 5. d3 c6 6. a3 d4 7. b4 Bd6 8. Nf3 Na6 9.
Nbd2 Ne7 10. Rb1 Nd5 11. Bb2 Nf4 12. Rg1 Nh3 13. Bxh3 Bxh3 14. Ne4 Be7 15. Nxe5
Qd5 16. Nf3 c5 17. b5 Nc7 18. c4 Qf5 19. e3 Qd7 20. exd4 Qe6 21. d5 Qd7 22. Bxh8
b6 23. Bf6 Nxd5 24. cxd5 Qxd5 25. Ne5 Rd8 26. Qb3 Qe6 27. Qxe6 Bxe6 28. Bxe7 Rd5
29. Bf6 Kf8 30. Rd1 Ke8 31. h5 Bf5 32. hxg6 fxg6 33. Rh1 1-0

[Event "Challenge"]
[Site "http://www.queenalice.com/game.php?id=1086008"]
[Date "2012.7.23"]
[Round "-"]
[White "HerbertPaulo"]
[Black "kleberrocha"]
[Result "1-0"]
[WhiteElo "1955"]
[BlackElo "1563"]

1. e4 e5 2. Nf3 Qf6 3. Nc3 g5 4. Nd5 Qd6 5. Nxg5 Nh6 6. d3 c6 7. Nc3 b5 8. a3
Qf6 9. Be3 c5 10. Nxb5 Na6 11. Qf3 Be7 12. Qxf6 Bxf6 13. Nd6+ Ke7 14. Nxc8+
Raxc8 15. Nf3 Ng4 16. Bg5 Bxg5 17. Nxg5 Rhg8 18. Nf3 h5 19. d4 exd4 20. Bxa6 Rb8
21. b3 Ke6 22. O-O f5 23. Rae1 f4 24. Bc4+ Kd6 25. Bxg8 Rxg8 26. e5+ Ke6 27. Nd2
h4 28. Nf3 a5 29. Nxh4 Rh8 30. g3 Ne3 31. fxe3 fxe3 32. c3 Kxe5 33. Ng6+ Ke4 34.
Nxh8 d3 35. Rf4+ 1-0

[Event "Chess"]
[Site "http://www.queenalice.com/game.php?id=1087208"]
[Date "2012.7.26"]
[Round "-"]
[White "Ederson"]
[Black "kleberrocha"]
[Result "0-1"]
[WhiteElo "1190"]
[BlackElo "1535"]

1. d4 e6 2. h4 b5 3. Bg5 f6 4. Qd3 fxg5 5. Qxb5 gxh4 6. Qh5+ g6 7. Qxh4 Be7 8.
Qg4 Bg5 9. Qf3 c6 10. Nh3 Qa5+ 11. c3 Bc1 12. Qd3 Bxb2 13. Nd2 Bxa1 14. Nb3 Qxa2
15. Nxa1 Qxa1+ 16. Qd1 Qxc3+ 17. Qd2 Qa3 18. e3 Nf6 19. Bc4 d5 20. Ba2 Ne4 21.
Qc2 e5 22. dxe5 O-O 23. Qb3 Qc1+ 24. Qd1 Qc3+ 25. Ke2 Bxh3 26. f3 Bxg2 27. Qe1
Ng3+ 28. Kf2 Qxe1+ 29. Rxe1 Ne4+ 30. Kxg2 Nc3 31. Bb3 Na6 32. e6 Nc5 33. Rc1
Nxb3 34. Rxc3 Rab8 35. Rxc6 Nd2 36. e7 Rxf3 37. Re6 Re8 38. Re5 h5 39. Rxd5 Rxe7
40. Rxd2 Rfxe3 41. Kf2 g5 0-1

[Event "Curtindo uma Batalha"]
[Site "http://www.queenalice.com/game.php?id=1099685"]
[Date "2012.9.4"]
[Round "-"]
[White "Ederson"]
[Black "kleberrocha"]
[Result "0-1"]
[WhiteElo "1247"]
[BlackElo "1544"]

1. e4 b6 2. d3 e6 3. h4 Qf6 4. f3 Bc5 5. Bg5 Qxb2 6. Nd2 Nc6 7. Rb1 Qxa2 8. Nc4
b5 9. Rxb5 Bb4+ 10. Bd2 Rb8 11. Rg5 g6 12. c3 Bc5 13. Rxc5 Rb1 14. Bc1 Qa1 15.
Na3 Rxc1 16. Be2 Qxa3 17. f4 Rxd1+ 18. Kf2 Rxg1 19. Rxg1 Qxc5+ 20. d4 Qxc3 21.
Rd1 Nf6 22. e5 Ne4+ 23. Kf1 Nxd4 24. Rd3 Qc1+ 25. Bd1 Qxf4+ 26. Kg1 Nf2 27. Rxd4
Qxd4 28. g3 Nxd1+ 29. Kf1 Qf2# 0-1

[Event "Challenge"]
[Site "http://www.queenalice.com/game.php?id=1102353"]
[Date "2012.9.13"]
[Round "-"]
[White "pablonet"]
[Black "kleberrocha"]
[Result "1-0"]
[WhiteElo "1626"]
[BlackElo "1548"]

1. e4 e5 2. Nf3 g5 3. Nxe5 Qe7 4. d4 Bg7 5. f4 f6 6. Nd3 Qxe4+ 7. Qe2 f5 8.
Qxe4+ fxe4 9. Ne5 d6 10. Nc4 gxf4 11. Bxf4 Bxd4 12. Be2 b5 13. c3 Bxc3+ 14. Nxc3
bxc4 15. Bxc4 Nf6 16. O-O Nc6 17. Bd5 Bb7 18. Bxd6 cxd6 19. Rxf6 Ke7 20. Rh6
Raf8 21. Rf1 Nd8 22. Bxe4 Ba6 23. Re1 Kf7 24. Nd5 Re8 25. Nc7 Bb7 26. Rxh7+ Rxh7
27. Nxe8 Rh8 28. Nxd6+ Ke6 29. Nxb7 Nxb7 30. Bxb7+ 1-0